| 000 | 00776cab a2200241 4500 | ||
|---|---|---|---|
| 001 | WB3019-18 | ||
| 008 | 090401t1994 xxu||||| |||| 00| 0 eng d | ||
| 035 | _a(Sirsi) u53057 | ||
| 041 | _aeng | ||
| 245 | _aEnvironmental decline | ||
| 260 | _c1994 | ||
| 350 | _a0 | ||
| 490 |
_aIndependent _v16 May 1994, 5(1) |
||
| 520 | _aA New Economics Foundation study reveals that gains in personal income since the 1950s are largely cancelled out by increasing social and environmental damage. | ||
| 650 | _aENVIRONMENTAL COSTS | ||
| 650 | _aNEW ECONOMICS FOUNDATION | ||
| 650 | _aQUALITY OF LIFE INDEX | ||
| 650 | _aSTOCKHOLM ENVIRONMENT INSTITUTE | ||
| 690 | _aECONOMIC AND SOCIAL | ||
| 690 | _aENVIRONMENTAL AND LAND CONSULTANCY | ||
| 942 | _n0 | ||
| 948 | _c04/03/1997 | ||
| 999 |
_c32731 _d32731 |
||